| 000 | 02019 a2200241 4500 | ||
|---|---|---|---|
| 001 | 26010 | ||
| 005 | 20260407155542.0 | ||
| 008 | 260407a1996 arg spa d | ||
| 003 | AR-UNSa-BCEJYS | ||
| 040 |
_aAR-UNSa-BCEJYS _bspa _cAR-UNSa-BCEJYS |
||
| 080 |
_a330.101.542 _xMicroeconomía |
||
| 245 | 1 | 0 |
_aMicreconomía _pteoría y aplicaciones |
| 250 | _a4a. ed | ||
| 264 | 1 |
_aBuenos Aires : _bTesis _c1996 |
|
| 300 |
_a637 p. _c23 cm. |
||
| 505 | _aParte I : Introducción : 1. La naturaleza de la micreconomía - 2. Demanda y oferta - Parte II : El comportamiento del consumidor y la demanda del mercado : 3. Los gastos y preferencias del consumidor - 4. EL Comportamiento del consumidor y la demanda individual - 5. Demanda de mercado - Parte III : La empresa : su tecnología y sus costos : 6. La empresa y su tecnología - 7. Las combinaciones óptimas de los insumos y las funciones de costo - Parte IV: Estructura de mercado, precio y producción : 8. Precio y producción bajo competencia perfecta - 9. Precio y producto bajo monopolio puro - 10. Precio y producto bajo competencia monopolística - 11. Precio y producto bajo oligopolio - Parte V : Mercado de insumo : 12. Precio y empleo de insumos bajo competencia perfecta - 13. Precio y empleo de los insumos bajo competencia imperfecta - Parte VI : Equilibrio general, economía del bienestar y economía política : 14. Análisis del equilibrio general y de la asigación de los recursos - 15. Economía del Bienestar - 16. Bienes públicos, exterioridades y el rol del gobierno - Parte VII : Elecciones intertemporales y decisiones que extrañan riesgo : 17. Las elecciones intertemporales y el cambio teconológico - 18. La toma de decisiones y las elecciones que involucran riesgo. | ||
| 041 | _aspa | ||
| 942 | _cBK | ||
| 590 | _aniveau_biblio:m niveau_hierar:0 | ||
| 100 | 1 | _aMansfield, Edwin | |
| 700 | 1 | _aEscude, Guillermo | |
| 856 | 4 | 1 |
_uhttps://biblioeco.unsa.edu.ar/pmb/images/libros/Micro Economia-l70073.jpg _yImagen de portada _qimage/jpeg |
| 999 |
_c1427 _d1427 |
||